|
|
|
|
| LEADER |
01108cam a22002897i 4500 |
| 001 |
12250097 |
| 003 |
GR-PaULI |
| 005 |
20210117210342.0 |
| 008 |
170320s1999 enk f d 000 0 eng d |
| 010 |
|
|
|a 00709702
|
| 020 |
|
|
|a 0002558718 (hb)
|
| 020 |
|
|
|a 0006863833 (pb)
|
| 040 |
|
|
|a DLC
|b gre
|c DLC
|d DLC
|d GR-PaULI
|e AACR2
|
| 082 |
0 |
4 |
|a 100
|2 23
|
| 245 |
0 |
4 |
|a The New Fontana dictionary of modern thought /
|c edited by Alan Bullock & Stephen Trombley ; assistant editor, Alf Lawrie.
|
| 250 |
|
|
|a 3rd ed.
|
| 260 |
|
|
|a London :
|b HarperCollins Publishers,
|c 1999.
|
| 300 |
|
|
|a xxiv, 933 σ. ;
|c 24 εκ.
|
| 650 |
|
4 |
|a Λεξικά
|9 1808
|
| 650 |
|
4 |
|a Σύγχρονη σκέψη
|9 112881
|
| 700 |
1 |
4 |
|a Bullock, Alan
|d 1914-2004
|9 112882
|e επιμελητής
|
| 700 |
1 |
4 |
|a Trombley, Stephen.
|9 160998
|e επιμελητής
|
| 700 |
1 |
4 |
|a Lawrie, Alf.
|9 160999
|e επιμελητής
|
| 942 |
|
|
|2 ddc
|c BKN
|
| 952 |
|
|
|0 0
|1 0
|2 ddc
|4 0
|6 100_000000000000000_NEW
|7 0
|9 210931
|a THST
|b THST
|d 2017-03-20
|i 009330
|l 0
|o 100 NEW
|p 025000199169
|r 2017-03-20 00:00:00
|t 1
|y BKN
|
| 998 |
|
|
|c ΜΑΝΙΑ
|d 2017-03
|
| 999 |
|
|
|c 128453
|d 128453
|